25 największych państw na świecie - Statystyki

Ogólne statystyki
  • Ten quiz został rozwiązany 429 razy
  • Średni wynik to 17 z 25
Statystyki odpowiedzi
Lp. Odpowiedź % Poprawnych
1 Rosja
100%
3 Chiny
98%
4 Stany Zjednoczone
98%
2 Kanada
96%
5 Brazylia
93%
8 Argentyna
87%
6 Australia
84%
7 Indie
82%
13 Meksyk
77%
9 Kazachstan
74%
24 Republika Południowej Afryki
70%
10 Algieria
67%
18 Mongolia
66%
11 Demokratyczna Republika Konga
65%
12 Arabia Saudyjska
62%
14 Indonezja
59%
17 Iran
56%
15 Sudan
55%
21 Niger
51%
19 Peru
51%
25 Kolumbia
48%
16 Libia
48%
20 Czad
43%
23 Mali
37%
22 Angola
33%
Nie znaleziono quizów pasujących do podanych kryteriów
Rozkład punktacji
Procent ludzi z każdym wynikiem
Percentyl według liczby udzielonych odpowiedzi
Twoja historia wyników
Nie rozwiązałeś tego quizu